Widok standardowy
Widok MARC
Pozycja Personal Name
Liczba rekordów, w których użyto hasła: 1
001 - Numer kontrolny
- control field: 40662
003 - Identyfikator numeru kontrolnego
- control field: NUKAT
005 - Data i czas ostatniej modyfikacji
- control field: 20260427131034.0
008 - Dane kontrolne kodowane (40 znaków)
- fixed length control field: 121004n||azznnbabn |a aaa |
010 ## - Numer kontrolny Biblioteki Kongresu
- numer kontrolny LC: p 2012026701
024 7# - OTHER STANDARD IDENTIFIER
- Standard number or code: 33146936759313782043
- Source of number or code: viaf
035 ## - Numer systemowy
- numer systemowy: a26121566
035 ## - Numer systemowy
- numer systemowy: (PL)a0000002612156
040 ## - Instytucja sporządzająca rekord
- inst. przygot. dane do rek. khw: WA N
- język haseł przedmiotowych/tezaurus: DBN
- inst. wprow. rek. khw: WA N
043 ## - Kod obszaru geograficznego
- ISO code: PL
046 ## - Special dates
- Birth date: 1913
- Death date: 2013
100 1# - Hasło - nazwa osobowa
- nazwa osobowa w formie ujednoliconej: Stępniak, Leon
- daty biograficzne: (1913-2013)
368 ## - Other Attributes
- Other designation: Więźniowie obozów
370 ## - Associated place
- Country: Polska
372 ## - Field of activity
- Field: Katolicyzm
374 ## - Occupation
- Occupation: Duchowieństwo katolickie
400 1# - Trop zob. - nazwa osobowa
- nazwa osobowa (nazwisko, imiona): Stępniak, Leon
- daty biograficzne: (1913- )
670 ## - Źródło informacji
- źródło informacji: Ksiądz kanonik Leon Stępniak / Anna Jagodzińska. - Warszawa, 2009
670 ## - Źródło informacji
- źródło informacji: Dachau, czyli piekło na ziemi / DY. W: Echo Katolickie, 2025, nr 19, s. 13.
682 ## - Informacja o usuniętym haśle
- tekst wyjaśniający: zmienione z:
- zastąpione hasło: Stępniak, Leon (1913- )